[Event "CAMPEONATO SUBZONAL 2.3.5"]
[Site "Duran"]
[Date "2012.03.06"]
[Round "2.9"]
[White "Mazara, Adan"]
[Black "Palma Moscoso, Alvaro Dario"]
[Result "1-0"]
[WhiteElo "2289"]
[BlackElo "2126"]
[PlyCount "61"]
[EventDate "2012.03.05"]

1. d4 Nf6 2. c4 e6 3. g3 d5 4. Nf3 c6 5. Bg2 Bd6 6. O-O O-O 7. Qc2 Nbd7 8. Rd1
Re8 9. Nc3 Qe7 10. Bg5 h6 11. Bxf6 Nxf6 12. e4 dxe4 13. Nxe4 c5 14. Nxd6 Qxd6
15. Qe2 Nd7 16. Rd2 Rb8 17. Rad1 Re7 18. h3 a6 19. a3 g6 20. h4 cxd4 21. Nxd4
Qc5 22. Qf1 Nf6 23. Nf3 Qc7 24. Qe2 e5 25. Rd6 Ng4 26. h5 g5 27. Nh2 Nxh2 28.
Kxh2 Kg7 29. b4 Bd7 30. Rxd7 Rxd7 31. Rxd7 1-0

[Event "CAMPEONATO SUBZONAL 2.3.5"]
[Site "Duran"]
[Date "2012.03.06"]
[Round "2.10"]
[White "Abreu Jean, Carlos Paul"]
[Black "Hernandez, Alexander"]
[Result "1/2-1/2"]
[WhiteElo "2211"]
[BlackElo "2290"]
[PlyCount "107"]
[EventDate "2012.03.05"]

1. e4 c5 2. Nf3 d6 3. c3 Nf6 4. Be2 Nc6 5. d3 e5 6. O-O Be7 7. d4 cxd4 8. cxd4
O-O 9. d5 Nb8 10. Nc3 Nbd7 11. Qc2 a6 12. Nd2 b5 13. b4 Nb6 14. Nb3 Bd7 15. Bd2
Rc8 16. Na5 Na4 17. Rac1 Nxc3 18. Bxc3 Ne8 19. Qd3 Bg5 20. Bd2 Bxd2 21. Qxd2
Nf6 22. Qe3 Rxc1 23. Rxc1 Qb8 24. Nc6 Qb7 25. h3 Kh8 26. Bg4 Nxg4 27. hxg4 Rc8
28. Na5 Rxc1+ 29. Qxc1 Qb6 30. g5 Kg8 31. Qc3 Kf8 32. Nb3 Qd8 33. Qe3 Qc7 34.
Qc1 Qb6 35. Qc3 Qd8 36. Qe3 Qc7 37. f4 exf4 38. Qxf4 Ke7 39. Qh4 g6 40. Qf4 Qc3
41. Kh2 f6 42. Na5 fxg5 43. Qxg5+ Qf6 44. Qxf6+ Kxf6 45. Kg3 Ke5 46. Kf3 Kd4
47. Nb7 Ke5 48. Ke3 g5 49. Nd8 Kf6 50. Nb7 Ke5 51. Nd8 Kf6 52. Nb7 Ke5 53. Nd8
Kf6 54. Nb7 1/2-1/2

[Event "CAMPEONATO SUBZONAL 2.3.5"]
[Site "Duran"]
[Date "2012.03.06"]
[Round "2.11"]
[White "Harper, Ryan"]
[Black "Crespo Hidalgo, Carlos"]
[Result "0-1"]
[WhiteElo "2253"]
[BlackElo "2038"]
[PlyCount "108"]
[EventDate "2012.03.05"]

1. e4 c6 2. d4 d5 3. Nc3 dxe4 4. Nxe4 Bf5 5. Ng3 Bg6 6. N1e2 Nf6 7. Nf4 e5 8.
Nxg6 hxg6 9. Be3 Nbd7 10. Bc4 Bd6 11. Qe2 Qe7 12. O-O-O e4 13. f3 exf3 14. Qxf3
Nb6 15. Bg5 O-O-O 16. Bb3 Rde8 17. Kb1 Bc7 18. a3 Kb8 19. Bd2 Qd7 20. Bc1 a6
21. c4 Ng4 22. h3 Nf6 23. d5 cxd5 24. cxd5 Qd6 25. Ne2 Qe5 26. d6 Bxd6 27. Bf4
Qxe2 28. Qxe2 Rxe2 29. Rxd6 Ka7 30. Rhd1 Ne4 31. Rd8 Rxd8 32. Rxd8 a5 33. Bb8+
Ka6 34. Bc2 Nc4 35. Bd3 Rxb2+ 36. Kc1 Ned2 37. Be5 Nb3+ 38. Kd1 Rd2+ 39. Ke1
Rxd3 40. Rxd3 Nc5 41. Rd6+ Nxd6 42. Bxd6 Kb5 43. Kd1 Kc4 44. Kc2 b5 45. Bf8 Ne6
46. Bd6 g5 47. g3 b4 48. axb4 axb4 49. Be7 f5 50. Bd6 f4 51. gxf4 gxf4 52. h4
g6 53. Kb2 f3 54. Bg3 Kd3 0-1

[Event "CAMPEONATO SUBZONAL 2.3.5"]
[Site "Duran"]
[Date "2012.03.06"]
[Round "2.12"]
[White "Del Castilho, Martyn"]
[Black "Croes, Octavio"]
[Result "1-0"]
[WhiteElo "2218"]
[BlackElo "1916"]
[PlyCount "47"]
[EventDate "2012.03.05"]

1. e4 c5 2. Nf3 Nc6 3. d4 cxd4 4. Nxd4 Nf6 5. Nc3 d6 6. Bg5 e6 7. Qd2 Be7 8.
O-O-O Bd7 9. f3 a6 10. g4 Rc8 11. h4 Ne5 12. Kb1 b5 13. Bd3 Nc4 14. Bxc4 Rxc4
15. Be3 Qc7 16. Nce2 Qb8 17. Ng3 d5 18. e5 Bc5 19. exf6 Bxd4 20. Bxd4 Qxg3 21.
fxg7 Rg8 22. Qh6 Qb8 23. Qxh7 Ke7 24. Be5 1-0

[Event "CAMPEONATO SUBZONAL 2.3.5"]
[Site "Duran"]
[Date "2012.03.06"]
[Round "2.13"]
[White "Palacios Zambrano, Victor"]
[Black "Moncada Russo, Bryan"]
[Result "1/2-1/2"]
[WhiteElo "2074"]
[BlackElo "1905"]
[PlyCount "104"]
[EventDate "2012.03.05"]

1. d4 d5 2. c4 e6 3. Nf3 Nf6 4. g3 c5 5. Bg2 Nc6 6. cxd5 exd5 7. O-O Be7 8. b3
O-O 9. Bb2 Ne4 10. dxc5 Bxc5 11. Nd4 Qb6 12. e3 Re8 13. Nc3 Bxd4 14. exd4 Nxc3
15. Bxc3 Bf5 16. Bxd5 Rad8 17. Qf3 Bg6 18. Rfe1 Nxd4 19. Bxd4 Qxd4 20. Bxb7
Rxe1+ 21. Rxe1 Qd2 22. Qe3 Qxe3 23. Rxe3 Kf8 24. Bc6 f6 25. b4 Bf5 26. Kg2 Bd7
27. Bxd7 Rxd7 28. Ra3 Rb7 29. Ra6 Rxb4 30. Rxa7 Rb2 31. a4 Ra2 32. a5 Kg8 33.
a6 h5 34. h4 Kh7 35. Kf3 Kg6 36. Ra8 Kf5 37. a7 Ra3+ 38. Kg2 Kg6 39. f3 Ra2+
40. Kf1 Ra1+ 41. Ke2 Ra2+ 42. Kd3 Ra3+ 43. Kd4 Ra4+ 44. Kc5 Ra1 45. Kd5 Rd1+
46. Ke6 Re1+ 47. Kd7 Ra1 48. Ke7 Kh7 49. Kf7 Ra2 50. g4 hxg4 51. fxg4 Ra1 52.
h5 Ra2 1/2-1/2

[Event "CAMPEONATO SUBZONAL 2.3.5"]
[Site "Duran"]
[Date "2012.03.06"]
[Round "2.14"]
[White "Puntier, William"]
[Black "Azua Avila, Vicente"]
[Result "1-0"]
[WhiteElo "2343"]
[BlackElo "1875"]
[PlyCount "61"]
[EventDate "2012.03.05"]

1. e4 c5 2. Nf3 Nc6 3. d4 cxd4 4. Nxd4 g6 5. c4 Nf6 6. Nc3 d6 7. Be2 Bg7 8. O-O
O-O 9. Be3 Nxd4 10. Bxd4 Be6 11. Re1 Qa5 12. Bf1 Rfc8 13. Nd5 Bxd5 14. exd5 Qd8
15. Qd2 b6 16. a4 a5 17. Ra3 Rab8 18. Rh3 Qf8 19. b3 Rb7 20. Qb2 Ne8 21. Rhe3
Rcc7 22. Bd3 Bxd4 23. Qxd4 Qg7 24. Qh4 Qf6 25. Qh6 Rd7 26. h4 Ng7 27. Rg3 Kh8
28. Rf3 Qc3 29. Bxg6 Qxe1+ 30. Kh2 Qe5+ 31. g3 1-0

[Event "CAMPEONATO SUBZONAL 2.3.5"]
[Site "Duran"]
[Date "2012.03.06"]
[Round "2.15"]
[White "Matoewi, Roger"]
[Black "Perdomo Araujo, Angel Edua"]
[Result "1/2-1/2"]
[WhiteElo "2128"]
[BlackElo "1913"]
[PlyCount "122"]
[EventDate "2012.03.05"]

1. e4 e6 2. d4 d5 3. Nd2 Nf6 4. exd5 exd5 5. Ngf3 Be7 6. Be2 O-O 7. O-O Bf5 8.
c3 c6 9. Re1 Qc7 10. Nf1 Nbd7 11. Ng3 Bg6 12. Bd3 Bd6 13. Bg5 Rae8 14. Qc2 Bf4
15. Bxg6 hxg6 16. Bxf6 Nxf6 17. Rxe8 Rxe8 18. Re1 Rxe1+ 19. Nxe1 Bd6 20. Qe2
Qa5 21. a3 Qc7 22. Nd3 b6 23. Nf1 Ne4 24. f3 Nf6 25. g4 Kf8 26. Kg2 Nd7 27. Qe3
a5 28. h3 c5 29. f4 cxd4 30. Qxd4 Nc5 31. Ne3 Nxd3 32. Qxd3 Bxf4 33. Nxd5 Qc6
34. a4 Bd6 35. Qb5 Qxb5 36. axb5 Bc5 37. b3 Ke8 38. Kf3 Kd7 39. Ke4 Kd6 40. Nf4
Bg1 41. Nd3 Ke6 42. Nf4+ Kd6 43. Nd3 Bh2 44. c4 Bg1 45. h4 Bh2 46. h5 gxh5 47.
gxh5 Ke6 48. c5 f5+ 49. Kd4 Bg1+ 50. Kc4 Bxc5 51. Nxc5+ bxc5 52. Kxc5 f4 53.
Kd4 Kd6 54. Ke4 Kc5 55. Kxf4 Kxb5 56. Kf5 Kb4 57. Kg6 Kxb3 58. Kxg7 a4 59. h6
a3 60. h7 a2 61. h8=Q a1=Q+ 1/2-1/2

[Event "CAMPEONATO SUBZONAL 2.3.5"]
[Site "Duran"]
[Date "2012.03.06"]
[Round "2.16"]
[White "Barros Rivadeneira, Cristhian"]
[Black "De Mey, Juan Pablo"]
[Result "1-0"]
[WhiteElo "2122"]
[BlackElo "1879"]
[PlyCount "91"]
[EventDate "2012.03.05"]

1. c4 b6 2. Nf3 c5 3. g3 Bb7 4. Bg2 Nf6 5. O-O e6 6. b3 Be7 7. Bb2 d6 8. Nc3 a6
9. d4 cxd4 10. Qxd4 O-O 11. Rfd1 Nc6 12. Qd2 Qc7 13. Rac1 Nb8 14. Qe3 Nbd7 15.
Nd4 Bxg2 16. Kxg2 Rfe8 17. Qd2 Rad8 18. f3 Qb7 19. e4 h6 20. Re1 Bf8 21. Rcd1
Kh8 22. Qe2 Kh7 23. h4 g6 24. Nc2 Nb8 25. Ne3 Bg7 26. Kh2 Qc7 27. f4 Nbd7 28.
Qg2 Nh5 29. Rd2 Nc5 30. Qf3 f5 31. exf5 exf5 32. Ned5 Qf7 33. Rde2 Ne6 34. Qf2
b5 35. cxb5 axb5 36. Nxb5 Bxb2 37. Rxb2 Qb7 38. Nbc3 Nc5 39. Rxe8 Rxe8 40. Re2
Ne4 41. Nxe4 Qxd5 42. Ng5+ hxg5 43. Rxe8 Qf7 44. Qe2 gxf4 45. Re7 fxg3+ 46. Kg1
1-0

[Event "CAMPEONATO SUBZONAL 2.3.5"]
[Site "Duran"]
[Date "2012.03.06"]
[Round "2.17"]
[White "Olvera Urena, Yasser"]
[Black "Treu, Auke"]
[Result "1/2-1/2"]
[WhiteElo "1865"]
[BlackElo "2121"]
[PlyCount "63"]
[EventDate "2012.03.05"]

1. e4 e6 2. d4 d5 3. Nc3 Nf6 4. Bg5 Be7 5. e5 Nfd7 6. Bxe7 Qxe7 7. f4 a6 8. Qd2
c5 9. Nf3 Nc6 10. dxc5 Nxc5 11. Nd4 f6 12. O-O-O O-O 13. exf6 Qxf6 14. g3 Nxd4
15. Qxd4 Qxd4 16. Rxd4 b5 17. Bg2 Bb7 18. Re1 Rae8 19. b4 Nd7 20. Bh3 Kf7 21.
Rd2 Nb6 22. Rde2 Bc8 23. Kb2 Bd7 24. Kb3 g6 25. Nd1 Re7 26. Nb2 Rfe8 27. Nd3
Nc4 28. Ne5+ Nxe5 29. fxe5 Rc8 30. Re3 Kg7 31. Rc3 Rc4 32. Rxc4 1/2-1/2

[Event "CAMPEONATO SUBZONAL 2.3.5"]
[Site "Duran"]
[Date "2012.03.06"]
[Round "2.18"]
[White "Merritt, Mario"]
[Black "Jerves Cordova, Carlos"]
[Result "1-0"]
[WhiteElo "2101"]
[BlackElo "1844"]
[PlyCount "63"]
[EventDate "2012.03.05"]

1. c4 Nf6 2. g3 g6 3. Bg2 Bg7 4. Nc3 O-O 5. d4 d6 6. e3 c5 7. Nge2 Nc6 8. O-O
Bg4 9. Qd2 Qc8 10. b3 Rb8 11. Bb2 a6 12. f3 Bd7 13. d5 Nd8 14. e4 b5 15. Rab1
Nb7 16. Nd1 Qc7 17. Bc3 e6 18. Ne3 exd5 19. cxd5 Rfc8 20. Kh1 b4 21. Ba1 Na5
22. Rbc1 Bb5 23. Bh3 Bd7 24. Bg2 Bb5 25. Bh3 Bd7 26. Bxd7 Nxd7 27. Bxg7 Kxg7
28. Qb2+ f6 29. Nf4 Nf8 30. g4 h6 31. h4 Qe7 32. h5 1-0

[Event "CAMPEONATO SUBZONAL 2.3.5"]
[Site "Duran"]
[Date "2012.03.06"]
[Round "2.19"]
[White "Zambrano Macias, Paolo"]
[Black "Winter-Roach, Alex"]
[Result "0-1"]
[WhiteElo "1815"]
[BlackElo "2075"]
[PlyCount "88"]
[EventDate "2012.03.05"]

1. Nf3 Nf6 2. g3 b6 3. Bg2 Bb7 4. O-O e6 5. c4 Be7 6. Nc3 Ne4 7. Nxe4 Bxe4 8.
d3 Bb7 9. Bd2 O-O 10. Rc1 c5 11. Be3 d5 12. d4 Nd7 13. Qd2 dxc4 14. Rxc4 Bd5
15. Rcc1 c4 16. Ne5 Nxe5 17. dxe5 Bxg2 18. Qxd8 Rfxd8 19. Kxg2 b5 20. Rfd1 a5
21. Rxd8+ Rxd8 22. a4 bxa4 23. Rxc4 a3 24. bxa3 Bxa3 25. Bb6 Ra8 26. Ra4 Bb4
27. Kf3 Kf8 28. Ke4 Ke8 29. Kd4 Kd7 30. Kc4 Kc6 31. Be3 Rd8 32. Ra2 Kb7 33. Rb2
Ka6 34. Rxb4 axb4 35. Kxb4 Rd1 36. Kc3 Kb5 37. Bd2 Rf1 38. Be3 g5 39. h4 gxh4
40. gxh4 Rh1 41. Bg5 Rh2 42. f4 Rxe2 43. Kd3 Ra2 44. Ke4 h5 0-1

[Event "CAMPEONATO SUBZONAL 2.3.5"]
[Site "Duran"]
[Date "2012.03.06"]
[Round "2.20"]
[White "Galls Aguirre, Jorge"]
[Black "Guaranda Chancay, Edward"]
[Result "1-0"]
[WhiteElo "2034"]
[BlackElo "1625"]
[PlyCount "79"]
[EventDate "2012.03.05"]

1. Nf3 Nf6 2. c4 e6 3. d4 b6 4. g3 Bb7 5. Bg2 Be7 6. O-O O-O 7. d5 exd5 8. Nh4
d6 9. cxd5 Nbd7 10. Nc3 Ba6 11. Nf5 Re8 12. Re1 Qc8 13. Nd4 Bf8 14. b4 Bb7 15.
a3 g6 16. Bb2 Bg7 17. Rc1 a6 18. e4 Ra7 19. f4 Ba8 20. Qd3 Qd8 21. Re2 Kh8 22.
Rce1 Ng8 23. Nf3 h6 24. h3 Bb7 25. Kh2 a5 26. Nb5 Ba6 27. Bxg7+ Kxg7 28. Qd4+
Kh7 29. Nxa7 Bxe2 30. Rxe2 Qa8 31. Nb5 Qb7 32. Qc4 Rc8 33. e5 Qb8 34. Nfd4 dxe5
35. Nc6 Qa8 36. fxe5 axb4 37. axb4 Nb8 38. Nca7 Rd8 39. Qxc7 Rf8 40. d6 1-0

[Event "CAMPEONATO SUBZONAL 2.3.5"]
[Site "Duran"]
[Date "2012.03.06"]
[Round "3.1"]
[White "Guerra Tulcan, Lenin"]
[Black "Munoz Sanchez, Jhon"]
[Result "1/2-1/2"]
[WhiteElo "2421"]
[BlackElo "2216"]
[PlyCount "89"]
[EventDate "2012.03.05"]

1. e4 c6 2. Nf3 d5 3. exd5 cxd5 4. Ne5 Nc6 5. Bb5 Bd7 6. Bxc6 bxc6 7. d4 Nf6 8.
O-O e6 9. Be3 Qc7 10. Nd3 Bd6 11. h3 O-O 12. Nd2 Bc8 13. c4 dxc4 14. Nxc4 Ba6
15. Rc1 Bxc4 16. Rxc4 Rfd8 17. Qc2 Nd5 18. Rc1 Ne7 19. Bg5 f6 20. Bd2 Qd7 21.
Bb4 Rab8 22. Bxd6 Qxd6 23. Nc5 Nf5 24. Qc3 Rdc8 25. Nb3 Ne7 26. Na5 Rc7 27.
Nxc6 Rxc6 28. Rxc6 Qxc6 29. Qxc6 Nxc6 30. Rxc6 Rxb2 31. Rc8+ Kf7 32. Rc7+ Kg6
33. Rxa7 Rb4 34. Re7 Rxd4 35. Rxe6 Rd1+ 36. Kh2 Rd2 37. a4 Rxf2 38. a5 Ra2 39.
a6 Kf5 40. Rb6 g5 41. Kg3 h5 42. Rb5+ Kg6 43. Rb6 Kf5 44. Rb5+ Kg6 45. Rb6
1/2-1/2

[Event "CAMPEONATO SUBZONAL 2.3.5"]
[Site "Duran"]
[Date "2012.03.06"]
[Round "3.2"]
[White "Bassan, Remo"]
[Black "Ynojosa, Felix Jose"]
[Result "0-1"]
[WhiteElo "2279"]
[BlackElo "2300"]
[PlyCount "90"]
[EventDate "2012.03.05"]

1. c4 Nf6 2. Nc3 c5 3. Nf3 b6 4. e4 d6 5. d4 cxd4 6. Nxd4 Bb7 7. f3 Nbd7 8. Be3
a6 9. Be2 e6 10. O-O Be7 11. Qd2 O-O 12. Rfd1 Qc7 13. Rac1 Rac8 14. Bf1 Rfd8
15. a3 Qb8 16. b4 Ne5 17. Na4 Nfd7 18. Qf2 Ba8 19. h3 Bf6 20. Be2 Ng6 21. Nb3
b5 22. cxb5 axb5 23. Nb6 Bh4 24. g3 Nxb6 25. gxh4 Nc4 26. h5 Nge5 27. h6 Nxe3
28. Qxe3 Rxc1 29. Rxc1 Ng6 30. f4 gxh6 31. Kf2 Qb7 32. Bd3 Qe7 33. Rg1 Qh4+ 34.
Qg3 Qf6 35. Ke3 Kf8 36. h4 e5 37. f5 Nf4 38. Bxb5 d5 39. Nc5 dxe4 40. Bc4 Qxf5
41. Qg7+ Ke7 42. Qg4 Qf6 43. h5 Nxh5 44. Rf1 Nf4 45. Rd1 Ng2+ 0-1

[Event "CAMPEONATO SUBZONAL 2.3.5"]
[Site "Duran"]
[Date "2012.03.06"]
[Round "3.3"]
[White "Saltos Velez, Adrian"]
[Black "Infante, Miguel"]
[Result "1-0"]
[WhiteElo "2152"]
[BlackElo "2314"]
[PlyCount "65"]
[EventDate "2012.03.05"]

1. e4 c5 2. Nf3 d6 3. Bb5+ Nd7 4. d4 cxd4 5. Qxd4 e5 6. Qd3 h6 7. O-O Ngf6 8.
Nbd2 a6 9. Bxd7+ Bxd7 10. a4 b5 11. axb5 axb5 12. Rxa8 Qxa8 13. Re1 Be7 14. Nf1
Bc6 15. Ng3 g6 16. h3 Kf8 17. Nh2 Kg7 18. Ng4 Nxg4 19. hxg4 Qc8 20. f3 Qe6 21.
Nf1 Bd8 22. Rd1 Bb6+ 23. Be3 Bc7 24. b3 Bb8 25. Kf2 h5 26. gxh5 Rxh5 27. Ng3
Rh8 28. Ne2 f5 29. Nd4 exd4 30. Bxd4+ Kg8 31. Bxh8 fxe4 32. Qc3 Qd7 33. Bd4 1-0

[Event "CAMPEONATO SUBZONAL 2.3.5"]
[Site "Duran"]
[Date "2012.03.06"]
[Round "3.4"]
[White "Vazquez Reyes, Raul"]
[Black "Del Castilho, Martyn"]
[Result "1-0"]
[WhiteElo "2302"]
[BlackElo "2218"]
[PlyCount "61"]
[EventDate "2012.03.05"]

1. e4 e5 2. Nf3 Nc6 3. Bb5 a6 4. Ba4 Nf6 5. Qe2 b5 6. Bb3 Be7 7. O-O d6 8. c3
O-O 9. Rd1 Na5 10. Bc2 c5 11. d4 Qc7 12. d5 Bd7 13. b3 Ne8 14. a4 bxa4 15. bxa4
g6 16. Bh6 Ng7 17. Nbd2 f5 18. Bd3 Bc8 19. Ng5 f4 20. Bxg7 Kxg7 21. Ne6+ Bxe6
22. dxe6 Qc8 23. Nc4 Nxc4 24. Bxc4 f3 25. gxf3 Rf4 26. Bd5 Ra7 27. Rab1 Bg5 28.
Rb6 Rh4 29. Rdb1 Qe8 30. Rb7+ Rxb7 31. Rxb7+ 1-0

[Event "CAMPEONATO SUBZONAL 2.3.5"]
[Site "Duran"]
[Date "2012.03.06"]
[Round "3.5"]
[White "Martinez Reyes, Pedro Ramon"]
[Black "Mazara, Adan"]
[Result "1/2-1/2"]
[WhiteElo "2200"]
[BlackElo "2289"]
[PlyCount "63"]
[EventDate "2012.03.05"]

1. e4 c6 2. d4 d5 3. Nd2 dxe4 4. Nxe4 Bf5 5. Ng3 Bg6 6. h4 h6 7. Nf3 Nd7 8. h5
Bh7 9. Bd3 Bxd3 10. Qxd3 e6 11. Bd2 Be7 12. O-O-O Ngf6 13. Ne4 Nxe4 14. Qxe4
Nf6 15. Qe2 Qd5 16. c4 Qe4 17. Be3 Ng4 18. Qc2 Qxc2+ 19. Kxc2 Bf6 20. Rd2 Nxe3+
21. fxe3 O-O-O 22. Rh3 Rd7 23. Rf2 Rhd8 24. Ne5 Rc7 25. Nd3 b6 26. b4 Kd7 27.
Rhf3 Ke8 28. a4 Kf8 29. Rf1 Re8 30. Nf2 e5 31. Ng4 exd4 32. Nxf6 1/2-1/2

[Event "CAMPEONATO SUBZONAL 2.3.5"]
[Site "Duran"]
[Date "2012.03.06"]
[Round "3.6"]
[White "Crespo Hidalgo, Carlos"]
[Black "Pazos Gambarrotti, Plinio"]
[Result "0-1"]
[WhiteElo "2038"]
[BlackElo "2267"]
[PlyCount "128"]
[EventDate "2012.03.05"]

1. d4 Nf6 2. c4 e6 3. Nc3 Bb4 4. Qc2 c5 5. dxc5 Bxc5 6. e3 a6 7. Nf3 Qc7 8. Bd3
Be7 9. Bd2 d6 10. O-O Nbd7 11. Rfd1 b6 12. Rac1 Bb7 13. Be2 O-O 14. Nd4 Rac8
15. b3 Qb8 16. Qb1 Rfd8 17. Bf3 Bxf3 18. Nxf3 Qb7 19. Ne2 Nc5 20. Ned4 d5 21.
cxd5 Rxd5 22. Bb4 Rcd8 23. Bxc5 bxc5 24. Ne2 Ne4 25. Qc2 Qb4 26. Nf4 R5d6 27.
Rxd6 Rxd6 28. h3 Bf6 29. Nd3 Qa3 30. Nde5 Bxe5 31. Nxe5 Rd2 32. Rd1 Rd5 33. Nc4
Qb4 34. Rc1 f5 35. f3 Nf6 36. a3 Qb8 37. Rd1 g6 38. Kf2 Qd8 39. Nb2 Qd6 40.
Rxd5 exd5 41. Na4 Nd7 42. Qd3 Ne5 43. Qc3 d4 44. exd4 cxd4 45. Qd2 d3 46. Nb2
Qd4+ 47. Kf1 f4 48. a4 g5 49. Nd1 Nc6 50. Qc3 Qxc3 51. Nxc3 Nd4 52. b4 d2 53.
Kf2 Kf7 54. Kf1 Ke6 55. Kf2 Kd7 56. Kf1 Kc6 57. Kf2 h6 58. Kf1 a5 59. b5+ Kc5
60. Ne4+ Kb4 61. Nxd2 Kxa4 62. b6 Kb5 63. Nb3 Nc6 64. b7 Kb6 0-1

[Event "CAMPEONATO SUBZONAL 2.3.5"]
[Site "Duran"]
[Date "2012.03.06"]
[Round "3.7"]
[White "Aucay Pelaez, Mauro"]
[Black "Joseph, Marcus"]
[Result "1-0"]
[WhiteElo "2258"]
[BlackElo "2198"]
[PlyCount "89"]
[EventDate "2012.03.05"]

1. e4 c5 2. Nf3 a6 3. Nc3 d6 4. d4 cxd4 5. Nxd4 Nf6 6. f3 e6 7. Be3 b5 8. Qd2
b4 9. Na4 Nbd7 10. c4 bxc3 11. Nxc3 Bb7 12. Bc4 Be7 13. O-O O-O 14. Rfd1 Qb8
15. Rac1 Rd8 16. Qf2 d5 17. exd5 Nb6 18. Nc6 Bxc6 19. Bxb6 exd5 20. Bb3 Rd7 21.
Bd4 Qb7 22. Na4 Re8 23. Nc5 Bxc5 24. Rxc5 Rd6 25. Qg3 Rde6 26. Rdc1 Qb4 27. Bf2
Bb5 28. Qh4 Qd2 29. R5c2 Qd3 30. h3 h6 31. Qd4 Qf5 32. Rc5 Re5 33. Rd1 Be2 34.
Re1 Nh5 35. Rxd5 Rxd5 36. Qxd5 Qg6 37. Qd7 Re5 38. Qc8+ Kh7 39. Bc2 f5 40. Bb3
Nf6 41. Qc3 Qe8 42. Bd4 Re7 43. Bxf6 gxf6 44. Qxf6 Re5 45. Bf7 1-0

[Event "CAMPEONATO SUBZONAL 2.3.5"]
[Site "Duran"]
[Date "2012.03.06"]
[Round "3.8"]
[White "Fernandez, Francis"]
[Black "Lopez, Jasel"]
[Result "0-1"]
[WhiteElo "2315"]
[BlackElo "2138"]
[PlyCount "84"]
[EventDate "2012.03.05"]

1. d4 Nf6 2. c4 e6 3. Nc3 Bb4 4. e3 O-O 5. Bd3 d5 6. Nf3 c5 7. O-O Bxc3 8. bxc3
dxc4 9. Bxc4 Qc7 10. Qe2 b6 11. Bd3 Nc6 12. Bb2 Bb7 13. e4 e5 14. d5 Ne7 15. c4
Ng6 16. Qd2 h6 17. Rfd1 Bc8 18. a4 a5 19. Ra3 Qd6 20. Re1 Re8 21. Bf1 Ra7 22.
Qe2 Rae7 23. g3 Nh7 24. Bc1 Rf8 25. Bg2 f5 26. Nd2 f4 27. f3 h5 28. Nb1 fxg3
29. hxg3 h4 30. Qf2 hxg3 31. Qxg3 Nf4 32. Nc3 Ba6 33. Bxf4 Rxf4 34. Nd1 Rf6 35.
Ne3 Bc8 36. Re2 Ref7 37. Qh4 Rh6 38. Qe1 Rg6 39. Rb3 Ng5 40. Rf2 Nh3+ 41. Kf1
Nxf2 42. Qxf2 Ba6 0-1

[Event "CAMPEONATO SUBZONAL 2.3.5"]
[Site "Duran"]
[Date "2012.03.06"]
[Round "3.9"]
[White "Barros Rivadeneira, Cristhian"]
[Black "Puntier, William"]
[Result "1-0"]
[WhiteElo "2122"]
[BlackElo "2343"]
[PlyCount "114"]
[EventDate "2012.03.05"]

1. c4 Nf6 2. Nc3 e5 3. g3 g6 4. Bg2 Bg7 5. Nf3 d6 6. O-O O-O 7. d4 exd4 8. Nxd4
Re8 9. b3 Nbd7 10. Bb2 c6 11. Qd2 Nc5 12. Rfd1 a5 13. Rac1 Qb6 14. Ba1 Bg4 15.
h3 Bd7 16. e3 Rad8 17. Rb1 h5 18. a3 h4 19. g4 Bc8 20. b4 axb4 21. axb4 Nce4
22. Nxe4 Nxe4 23. Qc2 d5 24. c5 Qc7 25. b5 Bh6 26. Bxe4 Rxe4 27. bxc6 bxc6 28.
Qb2 Bg7 29. Qb6 Qxb6 30. Rxb6 Bxd4 31. Bxd4 Re6 32. Ra1 Bd7 33. Ra7 g5 34. Rbb7
Be8 35. Kf1 Kh7 36. Ke2 Kg6 37. Kd3 Re4 38. f3 Re6 39. f4 gxf4 40. exf4 Re4 41.
f5+ Kg5 42. Be3+ Kf6 43. Bd2 Rc8 44. Rb1 Rd8 45. Bc3+ Kg5 46. Bd2+ Kf6 47. g5+
Kxf5 48. Rf1+ Kg6 49. Rf6+ Kg7 50. Rd6 Rxd6 51. cxd6 Kg6 52. d7 Bxd7 53. Rxd7
Re6 54. Rd8 f6 55. Rg8+ Kf7 56. Rh8 fxg5 57. Bxg5 Re1 1-0

[Event "CAMPEONATO SUBZONAL 2.3.5"]
[Site "Duran"]
[Date "2012.03.06"]
[Round "3.10"]
[White "Hernandez, Alexander"]
[Black "Merritt, Mario"]
[Result "1-0"]
[WhiteElo "2290"]
[BlackElo "2101"]
[PlyCount "117"]
[EventDate "2012.03.05"]

1. e4 c5 2. Nf3 Nc6 3. d4 cxd4 4. Nxd4 g6 5. c4 Nf6 6. Nc3 d6 7. Be2 Nxd4 8.
Qxd4 Bg7 9. Be3 O-O 10. Qd1 a5 11. O-O Bd7 12. f3 a4 13. Qd2 Bc6 14. b4 axb3
15. axb3 Nd7 16. b4 b6 17. Rab1 Ra3 18. Rfc1 Qa8 19. Bd1 f5 20. exf5 Rxf5 21.
Bb3 Ne5 22. Nd5 Bxd5 23. Qxd5+ Qxd5 24. cxd5 Nxf3+ 25. gxf3 Rxf3 26. Re1 Bc3
27. Re2 Bxb4 28. Kg2 Rf7 29. Bxb6 Bc3 30. Be3 Kg7 31. Bc4 Be5 32. Bb5 Bf6 33.
Bd7 Rf8 34. Be6 Rfa8 35. h3 Rd3 36. Bc1 Rc3 37. Bb2 Rc7 38. Bxf6+ exf6 39. Rb6
Rd8 40. Bg4 f5 41. Bf3 Rf7 42. Re6 Rf6 43. Re7+ Rf7 44. Rxf7+ Kxf7 45. Rb7+ Kg8
46. Kg3 g5 47. h4 h6 48. Re7 Kh8 49. Rf7 f4+ 50. Kg4 Kg8 51. Rf6 Kg7 52. hxg5
hxg5 53. Kxg5 Rd7 54. Rxf4 Re7 55. Re4 Rd7 56. Re6 Rd8 57. Re7+ Kg8 58. Bg4 Rf8
59. Rd7 1-0

[Event "CAMPEONATO SUBZONAL 2.3.5"]
[Site "Duran"]
[Date "2012.03.06"]
[Round "3.11"]
[White "Winter-Roach, Alex"]
[Black "Meza Ponce, Jeison"]
[Result "0-1"]
[WhiteElo "2075"]
[BlackElo "2232"]
[PlyCount "80"]
[EventDate "2012.03.05"]

1. e4 c5 2. Nf3 Nc6 3. d4 cxd4 4. Nxd4 g6 5. c4 Nf6 6. Nc3 d6 7. Nc2 Bg7 8. Be2
O-O 9. O-O Be6 10. f4 Na5 11. b4 Nxc4 12. f5 Nxe4 13. Nxe4 Bxf5 14. Rxf5 gxf5
15. Ng5 Qb6+ 16. Kh1 Bxa1 17. Bxc4 d5 18. Be3 Qg6 19. Qxa1 dxc4 20. Qe5 f4 21.
Bd4 f6 22. Qe6+ Kh8 23. Ne4 Qf7 24. Qh3 Rfd8 25. Qf3 e5 26. Bg1 Rd3 27. Qe2
Rad8 28. Ne1 Rd1 29. h3 b6 30. Bf2 c3 31. Bh4 R1d6 32. Nxd6 Rxd6 33. a4 Rc6 34.
Qd3 Kg7 35. Kh2 Rc7 36. Nc2 Qg6 37. Qd6 Rf7 38. Qd1 Qf5 39. Be1 Rd7 40. Qf3 Rd3
0-1

[Event "CAMPEONATO SUBZONAL 2.3.5"]
[Site "Duran"]
[Date "2012.03.06"]
[Round "3.12"]
[White "Meza Ponce, Jerry"]
[Black "Abreu Jean, Carlos Paul"]
[Result "0-1"]
[WhiteElo "1986"]
[BlackElo "2211"]
[PlyCount "60"]
[EventDate "2012.03.05"]

1. e4 c6 2. Nc3 d5 3. Nf3 Bg4 4. h3 Bxf3 5. Qxf3 e6 6. g3 Nf6 7. Bg2 Bb4 8. e5
Nfd7 9. Qf4 Be7 10. d4 O-O 11. O-O c5 12. Ne2 Nc6 13. c3 Qb6 14. Qg4 Kh8 15. b3
cxd4 16. cxd4 a5 17. Be3 Ndb8 18. Nf4 Na6 19. Rfc1 Ba3 20. Nh5 Rg8 21. Rd1 Nab4
22. Rd2 a4 23. Bf1 Na5 24. Rb1 axb3 25. axb3 Rac8 26. Bg5 Qc7 27. Nxg7 Rxg7 28.
Bf6 Rcg8 29. Ra2 Nxa2 30. Bd3 Be7 0-1

[Event "CAMPEONATO SUBZONAL 2.3.5"]
[Site "Duran"]
[Date "2012.03.06"]
[Round "3.13"]
[White "Zavarce, Oscar Enrique"]
[Black "Palacios Zambrano, Victor"]
[Result "1-0"]
[WhiteElo "2190"]
[BlackElo "2074"]
[PlyCount "77"]
[EventDate "2012.03.05"]

1. e4 d5 2. exd5 Nf6 3. d4 Nxd5 4. c4 Nb6 5. Nc3 g6 6. Nf3 Bg7 7. a4 Bg4 8. a5
N6d7 9. Be2 O-O 10. h3 Bxf3 11. Bxf3 c6 12. O-O e5 13. d5 a6 14. Qb3 Qc7 15. d6
Qc8 16. Na4 f5 17. c5+ Kh8 18. Bg5 Bf6 19. Bh6 Bg7 20. Bxg7+ Kxg7 21. Rfe1 Ra7
22. Be2 Qe8 23. Bc4 Rf6 24. Qe3 e4 25. f3 Ne5 26. Bb3 Nbd7 27. f4 Nf7 28. g4 h6
29. Nb6 g5 30. gxf5 gxf4 31. Qxe4 Qxe4 32. Rxe4 Nxc5 33. Bxf7 Nxe4 34. d7 Rd6
35. Bb3 Nc5 36. Rd1 Rxd1+ 37. Bxd1 Nxd7 38. Nxd7 b5 39. f6+ 1-0

[Event "CAMPEONATO SUBZONAL 2.3.5"]
[Site "Duran"]
[Date "2012.03.06"]
[Round "3.15"]
[White "Palma Moscoso, Alvaro Dario"]
[Black "Galls Aguirre, Jorge"]
[Result "1-0"]
[WhiteElo "2126"]
[BlackElo "2034"]
[PlyCount "67"]
[EventDate "2012.03.05"]

1. e4 c5 2. Nf3 g6 3. d3 Bg7 4. g3 Nc6 5. Bg2 e5 6. O-O Nge7 7. Re1 O-O 8. Be3
b6 9. Qd2 d6 10. Bh6 f5 11. Bxg7 Kxg7 12. exf5 Bxf5 13. Nh4 Bg4 14. h3 Be6 15.
Nc3 Qd7 16. Kh2 Rf7 17. Rf1 Raf8 18. f4 exf4 19. Rxf4 Rxf4 20. gxf4 d5 21. Ne2
d4 22. Ng3 Nd5 23. f5 gxf5 24. Qg5+ Kh8 25. Bxd5 Bxd5 26. Qh6 Qf7 27. Ng6+ Kg8
28. Nxf8 Qxf8 29. Qg5+ Kh8 30. Re1 h6 31. Qg6 Ne7 32. Qd6 f4 33. Nh5 Qf5 34.
Qxh6+ 1-0